Soothing the savage beast : (Record no. 1331)
[ view plain ]
| 000 -LEADER | |
|---|---|
| fixed length control field | 01487nam a2200193 a 4500 |
| 005 - DATE AND TIME OF LATEST TRANSACTION | |
| control field | 20260322212056.0 |
| 008 - FIXED-LENGTH DATA ELEMENTS--GENERAL INFORMATION | |
| fixed length control field | data |
| 099 ## - LOCAL FREE-TEXT CALL NUMBER (OCLC) | |
| Classification number | DVD WM 425.5.A5 S668 |
| 001 - CONTROL NUMBER | |
| control field | data |
| 110 2# - MAIN ENTRY--CORPORATE NAME | |
| Corporate name or jurisdiction name as entry element | Films for the Humanities & Sciences (Firm) |
| 245 10 - TITLE STATEMENT | |
| Title | Soothing the savage beast : |
| Remainder of title | venting rage / |
| Statement of responsibility, etc. | Films for the Humanities & Sciences (Firm). |
| 260 ## - PUBLICATION, DISTRIBUTION, ETC. | |
| Place of publication, distribution, etc. | New York, N.Y. : |
| Name of publisher, distributor, etc. | Films Media Group, |
| Date of publication, distribution, etc. | 2007. |
| 300 ## - PHYSICAL DESCRIPTION | |
| Extent | 1 Video recording DVD (14 min.) ; |
| Other physical details | 4 3/4 in. |
| 490 ## - SERIES STATEMENT | |
| Series statement | The Fury within : coping with anger |
| 500 ## - GENERAL NOTE | |
| General note | Films on Demand is distributed by Films Media Group for Films for the Humanities & Sciences, Cambridge Educational, Meridian Education, and Shopware./ Encoded with permission for digital streaming by Films Media Group on April 04, 2007./ Title from distributor's description./ Audience: 11 & up. |
| 520 3# - SUMMARY, ETC. | |
| Summary, etc. | Is the physical release of anger in a controlled setting a healthy way to process it? Many angry people say yes-but not all researchers agree: "It's a seductive theory. It does make sense, but it's a myth," says noted psychologist Dr. Brad Bushman. In this program, ABC News anchors Charles Gibson and Connie Chung and correspondent John Stossel set the record straight about two different anger disorders and the methods used to control them. For under-venters, bataka bats and anger release workshops may be the prescription, but for over-venters, an anger management workshop is a better choice. |
| 650 #0 - SUBJECT ADDED ENTRY--TOPICAL TERM | |
| Topical term or geographic name entry element | Conflict management |
| 650 #0 - SUBJECT ADDED ENTRY--TOPICAL TERM | |
| Topical term or geographic name entry element | Anger |
| General subdivision | Prevention |
| Withdrawn status | Lost status | Damaged status | Not for loan | Home library | Current library | Shelving location | Date acquired | Total checkouts | Full call number | Barcode | Date last seen | Price effective from | Koha item type |
|---|---|---|---|---|---|---|---|---|---|---|---|---|---|
| Franklin | Franklin | General stacks | 22/03/2026 | GEN | BC0011374 | 22/03/2026 | 22/03/2026 | Books |